[Event "FRA-ch op-C"]
[Site "Pau"]
[Date "2012.08.24"]
[Round "10"]
[White "Goulesque, Camille"]
[Black "Baroudel, Jacques"]
[Result "1/2-1/2"]
[WhiteElo "1703"]
[BlackElo "1779"]
[PlyCount "92"]
[EventDate "2012.08.14"]
[EventType "swiss"]
[EventRounds "11"]
[EventCountry "FRA"]
[SourceTitle "EXT 2014"]
[Source "ChessBase"]
[SourceDate "2013.11.20"]
[SourceVersion "1"]
[SourceVersionDate "2013.11.20"]
[SourceQuality "1"]

1. e4 e5 2. Nf3 Nc6 3. Bb5 a6 4. Ba4 Nf6 5. 0-0 d6 6. h3 Be7 7. Re1 b5 8. Bb3 Na5 9. d4 exd4 10. Nxd4 c5 11. Qf3 cxd4 12. e5 Bb7 13. Qg3 dxe5 14. Qxg7 Rf8 15. Rxe5 Qd6 16. Bf4 Nh5 17. Qh6 Qxh6 18. Bxh6 Nf6 19. Bxf8 Kxf8 20. Nd2 Nxb3 21. Nxb3 Bd6 22. Rf5 Kg7 23. Nxd4 Kg6 24. a4 Be4 25. Rxf6+ Kxf6 26. axb5 axb5 27. Rxa8 Bxa8 28. Nxb5 Ke6 29. Nxd6 Kxd6 30. Kh2 Be4 31. c3 Kc5 32. Kg3 Kc4 33. f3 Bd3 34. Kg4 Kb3 35. Kg5 Bf1 36. g4 Bxh3 37. Kf6 Bg2 38. Kxf7 Bxf3 39. Kg7 Be4 40. g5 Kxb2 41. c4 Kc3 42. c5 Kc4 43. c6 Bxc6 44. Kxh7 Be4+ 45. Kh6 Kd5 46. g6 Bxg6 1/2-1/2

[Event "FRA-ch op-C"]
[Site "Pau"]
[Date "2012.08.14"]
[Round "1"]
[White "Baroudel, Jacques"]
[Black "Gouait, Raymond"]
[Result "0-1"]
[WhiteElo "1779"]
[BlackElo "1630"]
[PlyCount "62"]
[EventDate "2012.08.14"]
[EventType "swiss"]
[EventRounds "11"]
[EventCountry "FRA"]
[SourceTitle "EXT 2014"]
[Source "ChessBase"]
[SourceDate "2013.11.20"]
[SourceVersion "1"]
[SourceVersionDate "2013.11.20"]
[SourceQuality "1"]

1. e4 c5 2. g3 d6 3. Bg2 Nf6 4. d3 Nc6 5. f4 g6 6. Nf3 Qc7 7. 0-0 Bg7 8. Nc3 a6 9. h3 0-0 10. g4 b5 11. Ne2 Bb7 12. Ng3 Nd7 13. c3 b4 14. Qe1 e6 15. f5 Nce5 16. fxe6 Nxf3+ 17. Rxf3 fxe6 18. Bd2 a5 19. Qc1 Ne5 20. Rxf8+ Rxf8 21. Qc2 Ba6 22. c4 Nf3+ 23. Kh1 d5 24. Nf1 dxc4 25. dxc4 Qe5 26. Rb1 Bb7 27. Rd1 Bxe4 28. Qa4 Bd3 29. Qc6 Be4 30. Qa4 Nxd2 31. Rxd2 Rxf1# 0-1

[Event "Avoine op 25th"]
[Site "Avoine"]
[Date "2010.07.22"]
[Round "6"]
[White "Heurtebize, Christophe"]
[Black "Baroudel, Jacques"]
[Result "1-0"]
[WhiteElo "2057"]
[BlackElo "1786"]
[PlyCount "69"]
[EventDate "2010.07.17"]
[EventType "swiss"]
[EventRounds "9"]
[EventCountry "FRA"]
[SourceTitle "EXT 2011"]
[Source "ChessBase"]
[SourceDate "2010.11.26"]
[SourceVersion "1"]
[SourceVersionDate "2010.11.26"]
[SourceQuality "1"]

1. c4 e5 2. g3 Nc6 3. Bg2 g6 4. Nc3 Bg7 5. e4 d6 6. d3 Be6 7. Nge2 Qd7 8. Nd5 Nce7 9. Be3 c6 10. Nxe7 Nxe7 11. Qb3 0-0 12. 0-0 b5 13. Rfd1 Qc7 14. Qc2 bxc4 15. dxc4 c5 16. f4 Nc6 17. f5 Bd7 18. Nc3 Nd4 19. Qf2 f6 20. Nd5 Qd8 21. b4 Bc6 22. Rab1 Qd7 23. Bh3 Ba4 24. Rdc1 gxf5 25. b5 Qd8 26. Bxf5 a6 27. Bxd4 cxd4 28. Qe2 h6 29. Qh5 Qe8 30. Qxe8 Raxe8 31. Nb6 axb5 32. cxb5 h5 33. Nd7 Bh6 34. Rc7 d3 35. Nxf8 1-0